|
|
|
|
| LEADER |
00740nab a2200157 i 4500 |
| 001 |
misc15634 |
| 005 |
20191106142221.0 |
| 008 |
170607s1935 hu o 0|| hun d |
| 040 |
|
|
|a SZTE Miscellanea Repozitórium
|b hun
|
| 041 |
|
|
|a hun
|
| 245 |
0 |
3 |
|a Az 1935. évi mezőgazdasági munkálatok elvégzéséhez szükséges hitel előmozdítása tárgyában kibocsátott 1934. február 24-én életbelépett 1950/1935. M. E. számú rendelet (B. K. 46. szám)
|h [elektronikus dokumentum]
|
| 260 |
|
|
|c 1935
|
| 300 |
|
|
|a 221-224a
|
| 490 |
0 |
|
|a Polgári jog : a hazai és külföldi magánjog és hiteljog szemléje
|v 11
|
| 695 |
|
|
|a Hiteljog magyar mezőgazdaság
|
| 856 |
4 |
0 |
|u http://misc.bibl.u-szeged.hu/15634/1/polgari_jog_1935_221-224a.pdf
|z Dokumentum-elérés
|